000
00237 a2200097 4500
001
47134
100
_a
Pokrovsky G
245
_a
Science and Technology in Contemporary War
260
_a
London
_b
Atlantic Books
_c
090
_c
30191
_d
30191
942
_a
NUST-CAE
_c
M
_c
22438
999
_c
282207
_d
282207